Manual de historia de Chile: desde la Prehistoria hasta 1994
Na minha lista:
| Autor principal: | |
|---|---|
| Formato: | Livro |
| Idioma: | espanhol |
| Publicado em: |
Santiago
Zig-Zag
2000
|
| Edição: | 20a. ed |
| Assuntos: | |
| Tags: |
Adicionar Tag
Sem tags, seja o primeiro a adicionar uma tag!
|
MARC
| LEADER | 00000nam a2200000 a 4500 | ||
|---|---|---|---|
| 001 | UCM4107 | ||
| 003 | CL-VaPUC | ||
| 008 | 020726e20001100CL |||||||||||||||||spa|d | ||
| 082 | 0 | 4 | |a 983 |b FRI |2 21 |
| 100 | 0 | |a Frías Valenzuela, Francisco |e author |9 470682 | |
| 245 | 1 | 0 | |a Manual de historia de Chile: desde la Prehistoria hasta 1994 |
| 250 | |a 20a. ed | ||
| 300 | |a 507 p | ||
| 942 | |c BK | ||
| 945 | |d 20020726 00:00:00 |a cmena | ||
| 260 | |a Santiago |b Zig-Zag |c 2000 | ||
| 650 | 0 | |a Historia de Chile |9 265473 | |
| 651 | 7 | |a CHILE |2 CL-VaPUC |9 470683 | |
| 583 | |a last modification |c 20020726 00:00:00 |k Rodrigo Vera | ||
| 999 | |c 301011 |d 301009 | ||
| 952 | |0 0 |1 0 |4 0 |6 983_000000000000000_FRI_2000 |7 0 |8 A |9 359539 |a BIBEDU |b BIBEDU |d 2019-11-21 |i 3833259 |o 983 FRI 2000 |p 3833259 |r 2019-11-21 |w 2019-11-21 |y BK |k EPE | ||